Loading...
| Fine Arts - Auditory | 3 | 5 | 0 | 0 | 95 | 74 | 95.63 | 8 | 8 | 0.00 | 0.00 |
| Fine Arts - Other | 3 | 2 | 0 | 0 | 65 | 48 | 87.20 | 3 | 5 | 0.00 | 0.00 |
| Literature - British | 3 | 2 | 0 | 0 | 65 | 32 | 78.40 | 4 | 5 | 0.00 | 0.00 |
| Literature - European | 1 | 4 | 0 | 0 | 55 | 51 | 111.20 | 4 | 5 | 0.00 | 0.00 |
| Philosophy | 0 | 5 | 0 | 0 | 50 | 72 | 89.20 | 5 | 5 | 0.00 | 0.00 |
| Literature - American | 1 | 3 | 1 | 0 | 40 | 77 | 106.25 | 3 | 4 | 0.00 | 0.00 |
| Literature - World | 0 | 2 | 0 | 0 | 20 | 121 | 124.50 | 1 | 2 | 0.00 | 0.00 |
| Fine Arts - Visual | 0 | 2 | 1 | 0 | 15 | 89 | 112.00 | 1 | 2 | 0.00 | 0.00 |
| Social Science | 0 | 1 | 0 | 0 | 10 | 119 | 119.00 | 0 | 1 | 0.00 | 0.00 |
| Other Academic | 0 | 1 | 0 | 0 | 10 | 91 | 91.00 | 1 | 1 | 0.00 | 0.00 |
| History - American | 0 | 0 | 1 | 0 | -5 | 0.00 | 0 | 0 | 0.00 | 0.00 |